1433 1911 1002 1432 1558 1274 1354 1604 1319 1880 1347 1673 1097 1769 1690 1710 1172 1584 1943 1874 1144 1417 1325 1148 1004 1224 1333 1487 1696 1755 1220 1509 1086 1567 1109 1528 1589 1752 1968 1559 1928 1323 1680 1692 1065 1761 1913 1679 1363 1027 1686 1727 1501 1188 1378 1440 1530 1567 1574 1586 1706 1925 1617 1618 1849 1453 1200 1809 1658 1168 1745 1342 1372 1485 1167 1585 1417 1492 1112 1013 1755 1495 1646 1655 1301 1339 1433 1321 1591 1752 1877 1632 1846 1327 1234 1920 1808 1944 1719 BCNSPRNW ULIB Ver.6.0+V

เปลี่ยนเป็นภาษาไทย

Change to English
 แสดงรายละเอียดบรรณานุกรม
  กลับหน้าหลัก

Brief Record : Get Marc (ISO 2709) : E-mail record : QR code < ปิดหน้าต่าง
LEADER : 00000nam 2200000uu 4500
001    13399110019
003     ULIB
008    110420s2552||||th 000 0 tha d
020     9789746724401
060 04 WG120^bอ251P 2552
245 00 Practice guidelines in cardiology /^cอภิชาต สุคนธสรรพ์,บรรณาธิการ
250    พิมพ์ครั้งที่ 1
260    เชียงใหม่ :^bทริคธิงค์,^c2552
300    249, [5] หน้า :^bภาพประกอบ ;^c30 ซม.
650  7 ยารักษาโรคทางระบบหัวใจและหลอดเลือด
650  7 หัวใจร่วมหลอดเลือด, โรค^xการรักษาด้วยยา
650  7 หัวใจ, โรค^xการรักษา
700 0  อภิชาต สุคนธสรรพ์,^eบรรณาธิการ
945    ^p600^l0^i028807
995    ทศพร
999 ^a ใช้งานได้ทุกระบบ
รายการนี้ยังไม่มีแท็ก
คุณยังไม่ได้ล็อกอิน คุณสามารถมีกิจกรรมร่วมกับเว็บไซต์ได้ แต่ต้องล็อกอินก่อน ::
  ล็อกอิน

รายการสื่อสารสนเทศ

ลำดับที่ ประเภท เลขเรียก/บาร์โค้ด สถานที่ สถานะ
- ไม่พบข้อมูล -

รายการใกล้เคียง
    หัวเรื่อง [ยารักษาโรคทางระบบหัวใจและหลอดเลือด]

BibComment


ยังไม่เคยถูกคอมเมนท์

คอมเมนท์ทรัพยากรรายการนี้
  คอมเมนท์: Practice guidelin..


 Copyright 2026. Bcnsprnw @Library